000 00358nam a22001577a 4500
020 _a023-032-893-8
082 _a510
_bMAC/M
100 _aMACMILLAN
245 _aMATHEMATICS-XI
246 _aMATHEMATICS-XI
_bMATHEMATICS-XI
260 _aNEW DELHI
_bMACMILLAN
300 _a590
520 _aMATHEMATICS(FULL MARKS)
650 _aMATHEMATICS
942 _cBK
999 _c8560
_d8560